|
|
|
|
| LEADER |
03267nam a22005535i 4500 |
| 001 |
978-3-642-05171-5 |
| 003 |
DE-He213 |
| 005 |
20151204143600.0 |
| 007 |
cr nn 008mamaa |
| 008 |
100301s2010 gw | s |||| 0|eng d |
| 020 |
|
|
|a 9783642051715
|9 978-3-642-05171-5
|
| 024 |
7 |
|
|a 10.1007/978-3-642-05171-5
|2 doi
|
| 040 |
|
|
|d GrThAP
|
| 050 |
|
4 |
|a QC6.4.C6
|
| 072 |
|
7 |
|a PHD
|2 bicssc
|
| 072 |
|
7 |
|a SCI041000
|2 bisacsh
|
| 082 |
0 |
4 |
|a 531
|2 23
|
| 245 |
1 |
0 |
|a Mechanics of Microstructured Solids 2
|h [electronic resource] :
|b Cellular Materials, Fibre Reinforced Solids and Soft Tissues /
|c edited by Jean-François Ganghoffer, Franco Pastrone.
|
| 264 |
|
1 |
|a Berlin, Heidelberg :
|b Springer Berlin Heidelberg,
|c 2010.
|
| 300 |
|
|
|a VII, 94 p.
|b online resource.
|
| 336 |
|
|
|a text
|b txt
|2 rdacontent
|
| 337 |
|
|
|a computer
|b c
|2 rdamedia
|
| 338 |
|
|
|a online resource
|b cr
|2 rdacarrier
|
| 347 |
|
|
|a text file
|b PDF
|2 rda
|
| 490 |
1 |
|
|a Lecture Notes in Applied and Computational Mechanics,
|x 1613-7736 ;
|v 50
|
| 505 |
0 |
|
|a Linear Elasticity with Couple Stresses -- Vectorial Microstructures: Applications to Fabrics and Granular Media -- Numerical Simulation of Interaction of Solitons and Solitary Waves in Granular Materials -- Multi-scale Modelling of Fracture in Open-Cell Metal Foams -- AFCs: Active-Stress vs. Active-Strain Modeling -- On Eshelby Tensors, Thermodynamics and Calculus of Variations -- Nonlinear Hyperbolic Equations and Linear Heat Conduction with Memory -- Mesoscopic Mechanical Analyses of Textile Composites: Validation with X-Ray Tomography -- Mechanical Response of Helically Wound Fiber-Reinforced Incompressible Non-linearly Elastic Pipes.
|
| 520 |
|
|
|a This second volume of the series Lecture Notes in Applied and Computational Mechanics is the second part of the compendium of reviewed articles presented at the 11th EUROMECH-MECAMAT conference entitled "Mechanics of microstructured solids: cellular materials, fibre reinforced solids and soft tissues", which took place in Torino (Italy) in March 10-14, 2008, at the Museo Regional delle Scienze. This EUROMECH-MECAMAT conference was jointly organized by the Dipartimento di Matematica dell'Università di Torino, Italy and the INPL Institute (LEMTA, Nancy-Université, France). Prof. Franco Pastrone and Prof. Jean-François Ganghoffer were the co-chairmen.
|
| 650 |
|
0 |
|a Physics.
|
| 650 |
|
0 |
|a Continuum physics.
|
| 650 |
|
0 |
|a Mechanics.
|
| 650 |
|
0 |
|a Continuum mechanics.
|
| 650 |
|
0 |
|a Structural mechanics.
|
| 650 |
|
0 |
|a Structural materials.
|
| 650 |
1 |
4 |
|a Physics.
|
| 650 |
2 |
4 |
|a Classical Continuum Physics.
|
| 650 |
2 |
4 |
|a Continuum Mechanics and Mechanics of Materials.
|
| 650 |
2 |
4 |
|a Applied and Technical Physics.
|
| 650 |
2 |
4 |
|a Structural Mechanics.
|
| 650 |
2 |
4 |
|a Structural Materials.
|
| 650 |
2 |
4 |
|a Mechanics.
|
| 700 |
1 |
|
|a Ganghoffer, Jean-François.
|e editor.
|
| 700 |
1 |
|
|a Pastrone, Franco.
|e editor.
|
| 710 |
2 |
|
|a SpringerLink (Online service)
|
| 773 |
0 |
|
|t Springer eBooks
|
| 776 |
0 |
8 |
|i Printed edition:
|z 9783642051708
|
| 830 |
|
0 |
|a Lecture Notes in Applied and Computational Mechanics,
|x 1613-7736 ;
|v 50
|
| 856 |
4 |
0 |
|u http://dx.doi.org/10.1007/978-3-642-05171-5
|z Full Text via HEAL-Link
|
| 912 |
|
|
|a ZDB-2-ENG
|
| 950 |
|
|
|a Engineering (Springer-11647)
|